Saint-Saëns

Salvato in:
Dettagli Bibliografici
Autore principale: Serviere, George (Autore)
Natura: Libro
Lingua:spagnolo
Pubblicazione: Buenos Aires Grandes Biografías 1944
Serie:Los Maestros de la Música
Soggetti:
Tags: Aggiungi Tag
Nessun Tag, puoi essere il primo ad aggiungerne!!

MARC

LEADER 00000nam a2200000 a 4500
001 UCN2198
003 CL-VaPUC
008 010511e19440000AG |||||||||||||||||spa|d
082 0 4 |a 780.92  |b SER  |2 21 
100 0 |a Serviere, George  |e author  |9 457915 
245 1 0 |a Saint-Saëns 
300 |a 189 p 
942 |c BK 
945 |d 20010511 00:00:00  |a crobeson 
260 |a Buenos Aires  |b Grandes Biografías  |c 1944 
600 0 |a Saint-Saens, Camille  |9 306537 
650 0 |a Compositores franceses  |9 328980 
650 0 |a Músicos franceses  |9 441944 
650 0 |a Pianistas  |9 306502 
650 7 |a MUSICA SIGLO 19  |2 CL-VaPUC  |9 457916 
583 |a last modification  |c 20010511 00:00:00  |k Rodrigo Vera 
490 0 |a Los Maestros de la Música 
999 |c 295356  |d 295354 
952 |0 0  |1 0  |4 0  |6 780_920000000000000_SER_1944  |7 0  |8 A  |9 348343  |a BIBEDU  |b BIBEDU  |d 2019-11-20  |i 1182129  |l 1  |o 780.92 SER 1944  |p 1182129  |r 2024-03-20  |s 2024-03-20  |w 2019-11-20  |y BK  |k MUS 
952 |0 0  |1 0  |4 0  |6 780_920000000000000_SER_1944  |7 0  |8 A  |9 348344  |a BIBEDU  |b BIBEDU  |d 2019-11-20  |i 1182137  |l 1  |o 780.92 SER 1944  |p 1182137  |r 2024-03-20  |s 2024-03-20  |w 2019-11-20  |y BK  |k MUS